000 00936nam a2200253Ia 4500
003 OSt
005 20220930070331.0
006 a|||||r|||| 00| 0
007 ta
008 220926b |||||||| |||| 00| 0 eng d
024 _a6866
037 _cTheses
040 _aCRL
_cCRL
_beng
041 _2eng
_aeng
100 _aSadananda B
_9527022
110 _aUniversity of Delhi. National Institute of Health and Family Planning. Department of Medical Care and Hospital Administration
_9527023
245 0 _aStudy of cost analysis of patient care in a large hospital in Delhi
260 _c1987
650 _aHOSPITALS - ADMINISTRATION
_9523837
700 _a Dr T R Anand Supervisor
_9523838
700 _aUniversity of Delhi. National Institute of Health and Family Planning. Department of Medical Care and Hospital Administration
_9527024
942 _cDIS
_2CC
999 _c860786
_d860786